C Countries the Americas Edition Quiz Stats

 Plays Quiz not verified by Sporcle

Challenge
Share
Tweet
Embed
Score 0/5 Timer 00:30
0 Plays Today
Country % Correct
Canada
100%
Cuba
100%
Chile
97.1%
Costa Rica
94.3%
Colombia
91.4%

You're not logged in!

Compare scores with friends on all Sporcle quizzes.
Join for Free
OR
Log In

You Might Also Like...

Show Comments

Extras

Created May 8, 2015ReportNominate
Tags:Country Quiz, America, edition, start

Top Quizzes Today


Score Distribution

Your Account Isn't Verified!

In order to create a playlist on Sporcle, you need to verify the email address you used during registration. Go to your Sporcle Settings to finish the process.

Report this User

Report this user for behavior that violates our Community Guidelines.

Details: